Responses for Show #3765 - Friday, January 5, 2001

Contestants

[<< previous game]

Mark Venezia, a high school teacher from Pittsburgh, Pennsylvania

Erin Gantt, a marine engineering manager from Prince Georges County, Maryland

Adam Taxin, a graduate student originally from Rose Valley, Pennsylvania (whose 1-day cash winnings total $14,700)

[next game >>]

Jeopardy! Round responses

THE BODY HUMAN
GARMENT BAG
SPOUSE IN COMMON
"ART" CLASS
A ROYAL PAIN
IN THE BUTTE
    $100 2
Ear

Erin
    $100 21
Kilt

Erin
    $100 20
Cher

Mark
    $100 14
Artichoke

Adam
    $100 7
Emperor

Adam
    $100 1
Courthouse

Mark
    $200 3
(A: What is the adam's apple?)

Larynx

AdamMark
    $200 22
(A: What are Dock-Siders?)

Top-Siders

AdamErin
    $200 19
Steven Spielberg

Erin
    $200 15
Wal-Mart

Adam
    $200 11
Louis XVI

Adam
    $200 24
The Rockies

Erin
    $300 4
Estrogens

Mark
    $300 23
Jennifer Beals

Adam
    $300 18
Burt Reynolds

Adam
    $300 30
Artless

Erin
    $300 10
Ivan the Terrible

Adam
    $300 27
Mother Lode Theatre

Erin
    $400 5
Thigh/leg

Mark
    $400 25
Kaftan

Erin
    $400 17
Carole Lombard

Erin
    $400 13
Humphrey Bogart

Erin
    $400 9
(Adam: What is Spain?)

Portugal

AdamMark
    $400 28
Evel Knievel

Erin
    $500 6
Humerus

Mark
    $500 26
Glengarry

Erin
    $500 16
(E: no response)

Geena Davis

Erin
Triple Stumper
    $500 12
Artificial heart

Adam
    $300 8
Strait of Gibraltar

Adam
    $500 29
Copper

Adam

Scores at the first commercial break (after clue 15):

Adam Erin Mark
$1,100 $500 $1,900

Scores at the end of the Jeopardy! Round:

Adam Erin Mark
$2,000 $3,000 $2,000

Double Jeopardy! Round responses

VERY GRIMM TALES
(Alex: A reference to the brothers Grimm.)
DICTATORS BY BIRTHPLACE
H.H.
OH, NO! OPERA!
SEE HOW THEY RUN
THE "EVIL" WITHIN
(Alex: And the 4 letters, "evil", wiil be found within each correct response.)
    $200 6
Rumpelstiltskin

Adam
    $200 5
Slobodan Milosevic

Erin
    $200 25
Hugh Hefner

Mark
    $200 12
Joan of Arc

Adam
    $200 30
Hurdles

Adam
    $200 29
Neville

Adam
    $400 19
Gretel

Mark
    $400 4
Saddam Hussein

Erin
    $400 15
Hubert H. Humphrey

Mark
    $400 11
Simon Bolivar

Adam
    $400 26
(M: What are home runs?)

Stolen bases

AdamMark
    $400 28
New Jersey Devils

Mark
    $600 18
Frog

Erin
    $600 3
Pol Pot

Adam
    $600 14
Hermann Hesse

Adam
    $600 10
Richard Wagner

Erin
    $600 24
(with a minute to go...)

Roger Bannister

Adam
    $600 27
(A: What is Valencia?)

Seville

Adam
Triple Stumper
    $800 17
Two eyes

Mark
    $800 2
Ferdinand Marcos

Erin
    $800 13
Herman's Hermits

Adam
    $800 9
Gertrude Stein

Adam
    $800 23
Pegasus

Adam
    $3,000 21
(M: What is bedevil?)

Revile

Mark
    $1000 16
(Alex: Their dancing shoes.)

Shoes

Erin
    $1000 1
Nicolae Ceausescu

Adam
    $1000 7
Hans Holbein

Adam
    $1,400 8
(Alex: She commits suicide by throwing herself in front of the train.)

"Anna Karenina"

Adam
    $1000 22
(M: Who was Williams?)

Ron Dayne

AdamMark
    $1000 20
Greeneville

Triple Stumper

Scores at the end of the Double Jeopardy! Round:

Adam Erin Mark
$11,600 $6,600 -$200

[wagering suggestions for these scores]

Final Jeopardy! Round responses

LIFE SCIENCE
(Alex: Erin, you should have gone with your first instinct, but it wouldn't have mattered because he had too much money for you to catch him.)
ErinWhat are (dolphins) ape
$6,600
AdamWhat are (binobos) dolphins?
$1,900
Dolphins

Final scores:

Adam Erin Mark
$13,500 $0 -$200
2-day champion: $28,200 2nd place: Trip to Miami & Miami Film Festival 3rd place: American Historic Society Gift Certificate

Game dynamics:

Coryat scores:

Adam Erin Mark
$11,400 $6,600 $2,800
26 R
(including 2 DDs),
4 W
18 R,
1 W
12 R,
3 W
(including 1 DD)

Combined Coryat: $20,800

[game clues] [game scores] [suggest correction]

Game tape date: 2000-10-31
The J! Archive is created by fans, for fans. Scraping, republication, monetization, and malicious use prohibited; this site may use cookies and collect identifying information. See terms. The Jeopardy! game show and all elements thereof, including but not limited to copyright and trademark thereto, are the property of Jeopardy Productions, Inc. and are protected under law. This website is not affiliated with, sponsored by, or operated by Jeopardy Productions, Inc. Join the discussion at JBoard.tv.